000 00544nam a2200181 i 4500
001 187286
003 SpMaBN
005 20230906222851.0
008 170529?1988 cu |||| |dspa d
080 _a929:860(7/8)"19"(049.3)
100 1 _aBianchi Ross, Ciro.
_9162883
245 1 0 _aVoces de América Latina /
_cCiro Bianchi Ross.
260 _aLa Habana :
_bArte y Literatura,
_c1988.
300 _a362 p. ;
_c19 cm.
500 _aÍndices.
650 7 _aEscritores hispanoamericanos-
_vEntrevistas.
_9162884
852 _aES-MaACL
_jL-31636
999 _c187286
_d187286